| 000 | 00772nas a2200265 4500 | ||
|---|---|---|---|
| 001 | BR0803340 | ||
| 003 | BR-BrBNA | ||
| 005 | 20231205112257.0 | ||
| 007 | ta | ||
| 008 | 230509b bl.|||p| |||| 00| 00por d | ||
| 040 |
_aBR-BrBNA _bpor _cBiblioteca Nacional de Agricultura |
||
| 041 | _a(Pt) | ||
| 072 | _aH60 | ||
| 100 | 1 | _aSalgado, T.P. | |
| 100 | 1 | _aSalles, M.S. | |
| 100 | 1 | _aMartins, J.V.F. | |
| 100 | 1 | _aAlves, P.L.C.A. | |
| 245 | 1 | _aInterferência das plantas daninhas no feijoeiro Carioca | |
| 650 | _aFEIJÃO | ||
| 650 | _aERVA DANINHA | ||
| 650 | _aCOMPETIÇÃO DE VARIEDADE | ||
| 773 | 0 |
_tPlanta Daninha (Brazil) _xISSN 0100-8358 _g(Jul-Sep 2007), v. 25(3) p. 443-448 _wBR0803340 |
|
| 909 |
_a202311 _bLúcia _c55 _dLúcia Elande |
||
| 942 |
_2AGRIS _n0 _cANA |
||
| 999 |
_c197140 _d197140 |
||